000 00244nam a2200097Ia 4500
005 20251222114351.0
008 251222s1900||||xx |||||||||||||| ||spa||
082 _aDVD0195/U61E/2007
245 0 _aEncĂ­clicas Sociales de Juan Pablo II:
942 _cDVD
999 _c1255
_d1255